[Event "DEM U14 2008"]
[Site "Willingen GER"]
[Date "2008.05.12"]
[Round "3"]
[White "Purgahn, Robin"]
[Black "Kügel, Tobias"]
[Result "0-1"]
[Termination "normal"]
[Board "14"]
[WhiteElo "1219"]
[BlackElo "1894"]
[PlyCount "100"]
[BlackFideId "4636295"]
[EventCountry "GER"]
[EventRounds "9"]
[EventType "swiss"]
[EventDate "2008.05.10"]

1. d4 d5 2. e4 dxe4 3. Nc3 Nf6 4. f3 e3 5. Bxe3 e6 6. Bd3 Nc6 7. Nge2 Be7 8.
Qd2 O-O 9. O-O-O Nb4 10. h4 Nfd5 11. Kb1 Nxd3 12. Nxd5 exd5 13. Qxd3 Bd7 14. g4
a6 15. Nc3 Bc6 16. f4 Bb4 17. g5 Qd7 18. h5 Bxc3 19. Qxc3 Qf5 20. Qd3 Bd7 21.
Qxf5 Bxf5 22. Rde1 Be4 23. Rhf1 g6 24. h6 Rfe8 25. a4 Re6 26. b3 Rae8 27. Bd2
Rc6 28. Rc1 Bf5 29. Rf2 Re4 30. Kb2 Rxd4 31. Re2 Re4 32. Rxe4 dxe4 33. Be3 Kf8
34. Rd1 Ke8 35. Bd4 Rd6 36. Kc1 Kd7 37. Be3 c6 38. Rxd6+ Kxd6 39. c3 b5 40. Kb2
Kd5 41. axb5 cxb5 42. Ka3 a5 43. b4 a4 44. Kb2 Kc4 45. Kc2 a3 46. Bc1 a2 47.
Bb2 e3+ 48. Kd1 Bd3 49. Ba1 Kb3 50. Kc1 Bc4 0-1

[Event "DEM U14 2008"]
[Site "Willingen GER"]
[Date "2008.05.13"]
[Round "4"]
[White "Schreiner, Till"]
[Black "Bräuer, Franz"]
[Result "1/2-1/2"]
[Termination "normal"]
[Board "1"]
[WhiteElo "2041"]
[BlackElo "1908"]
[PlyCount "49"]
[WhiteFideId "24675555"]
[BlackFideId "24634468"]
[EventCountry "GER"]
[EventRounds "9"]
[EventType "swiss"]
[EventDate "2008.05.10"]

1. d4 Nf6 2. c4 g6 3. Nc3 Bg7 4. e4 d6 5. f3 O-O 6. Be3 c5 7. Nge2 Nbd7 8. Qd2
a6 9. a4 Qa5 10. d5 Ne5 11. Nc1 Qb4 12. N1a2 Qb3 13. Nc1 Qb4 14. N1a2 Qb3 15.
a5 Nxc4 16. Bxc4 Qxc4 17. Qc2 Nxd5 18. exd5 Bf5 19. Qd2 Rfb8 20. Kf2 b6 21. Nc1
bxa5 22. Rxa5 Rb4 23. N1a2 Rb7 24. Ra4 Qb3 25. Rd1 1/2-1/2

[Event "DEM U14 2008"]
[Site "Willingen GER"]
[Date "2008.05.13"]
[Round "4"]
[White "Berchtenbreiter, Maximilian"]
[Black "Kotainy, Jens"]
[Result "0-1"]
[Termination "normal"]
[Board "2"]
[WhiteElo "2064"]
[BlackElo "2112"]
[PlyCount "52"]
[WhiteFideId "24641120"]
[BlackFideId "24670499"]
[EventCountry "GER"]
[EventRounds "9"]
[EventType "swiss"]
[EventDate "2008.05.10"]

1. e4 e6 2. d4 d5 3. Nc3 Nf6 4. e5 Nfd7 5. f4 c5 6. Nf3 Nc6 7. Be3 Be7 8. Qd2
O-O 9. O-O-O c4 10. f5 b5 11. Qf2 f6 12. fxe6 Nb6 13. exf6 Bxf6 14. Nxb5 Na4
15. Na3 Rb8 16. Nxc4 Bxe6 17. b3 dxc4 18. bxa4 Qb6 19. Kd2 Qa5+ 20. Ke2 Rb2 21.
Rc1 Qxa4 22. Kd1 Nb4 23. a3 Na2 24. Ra1 Nc3+ 25. Kc1 Rfb8 26. Bg5 Rb1+ 0-1

[Event "DEM U14 2008"]
[Site "Willingen GER"]
[Date "2008.05.13"]
[Round "4"]
[White "Wolf, Christoph"]
[Black "Sarchisov, Slavik"]
[Result "1/2-1/2"]
[Termination "normal"]
[Board "3"]
[WhiteElo "1636"]
[BlackElo "1982"]
[PlyCount "63"]
[WhiteFideId "24650633"]
[BlackFideId "24647888"]
[EventCountry "GER"]
[EventRounds "9"]
[EventType "swiss"]
[EventDate "2008.05.10"]

1. e4 c5 2. Nf3 d6 3. d4 cxd4 4. Nxd4 Nf6 5. Nc3 a6 6. Be2 e5 7. Nb3 Be7 8. Be3
Be6 9. O-O O-O 10. f4 Qc7 11. f5 Bc4 12. Kh1 Nbd7 13. Qe1 b5 14. Nd2 Bxe2 15.
Qxe2 b4 16. Nd5 Nxd5 17. exd5 Qxc2 18. Rac1 Qxb2 19. Rc7 Rfd8 20. f6 Bxf6 21.
Qg4 h5 22. Qh3 Qxa2 23. Rxd7 Rxd7 24. Qxd7 Qxd5 25. Qf5 Qe6 26. Qxh5 d5 27. Bg5
Bxg5 28. Qxg5 a5 29. Qe3 a4 30. Qc5 b3 31. Qa3 f6 32. Nxb3 1/2-1/2

[Event "DEM U14 2008"]
[Site "Willingen GER"]
[Date "2008.05.13"]
[Round "4"]
[White "Pauly, Carlo"]
[Black "Neumair, Jerome"]
[Result "1/2-1/2"]
[Termination "normal"]
[Board "4"]
[WhiteElo "1833"]
[BlackElo "1987"]
[PlyCount "46"]
[WhiteFideId "24673269"]
[BlackFideId "24672637"]
[EventCountry "GER"]
[EventRounds "9"]
[EventType "swiss"]
[EventDate "2008.05.10"]

1. d4 e6 2. c4 Nf6 3. Nc3 Bb4 4. Qc2 O-O 5. a3 Bxc3+ 6. Qxc3 b6 7. f3 d5 8. Bg5
Nbd7 9. cxd5 Nxd5 10. Bxd8 Nxc3 11. bxc3 Rxd8 12. e4 Bb7 13. Bb5 Nf6 14. Ne2
Rac8 15. Rc1 c5 16. Kf2 Kf8 17. Ke3 Ke7 18. Rhd1 h6 19. Bd3 Rd7 20. a4 c4 21.
Bc2 Bc6 22. Ra1 Rb7 23. Rdb1 a6 1/2-1/2

[Event "DEM U14 2008"]
[Site "Willingen GER"]
[Date "2008.05.13"]
[Round "4"]
[White "Mons, Leon"]
[Black "von Schwerin, Clemens"]
[Result "1-0"]
[Termination "normal"]
[Board "5"]
[WhiteElo "2063"]
[BlackElo "1914"]
[PlyCount "95"]
[WhiteFideId "4614950"]
[BlackFideId "4613228"]
[EventCountry "GER"]
[EventRounds "9"]
[EventType "swiss"]
[EventDate "2008.05.10"]

1. e4 c6 2. d4 d5 3. f3 e6 4. Nc3 Bb4 5. Bf4 Nd7 6. Qd3 Ne7 7. Nge2 O-O 8. a3
Ba5 9. O-O-O b5 10. h4 b4 11. axb4 Bxb4 12. g4 Qa5 13. Nb1 Ba6 14. Qe3 Nb6 15.
Ng3 Bxf1 16. Nxf1 Nc4 17. Qb3 Rab8 18. Bxb8 Rxb8 19. Ne3 Bd6 20. Nxc4 dxc4 21.
Qe3 Qa1 22. Kd2 Qxb2 23. Nc3 Rb3 24. Rb1 Bf4 25. Rxb2 Bxe3+ 26. Kxe3 Rxb2 27.
Rb1 Rxb1 28. Nxb1 f5 29. Na3 fxg4 30. fxg4 c3 31. Nc4 Kf7 32. Ne5+ Ke8 33. Kd3
a6 34. Kxc3 Ng6 35. Nxg6 hxg6 36. Kb4 Kd7 37. Ka5 Kd6 38. Kxa6 c5 39. c3 cxd4
40. cxd4 Kc6 41. Ka5 Kd7 42. Kb5 Kd6 43. Kc4 g5 44. hxg5 Ke7 45. Kc5 Kf7 46.
Kd6 Kg6 47. Kxe6 Kxg5 48. d5 1-0

[Event "DEM U14 2008"]
[Site "Willingen GER"]
[Date "2008.05.13"]
[Round "4"]
[White "Kaphle, Sebastian"]
[Black "Wendling, Florian"]
[Result "1-0"]
[Termination "normal"]
[Board "6"]
[WhiteElo "2113"]
[BlackElo "1729"]
[PlyCount "107"]
[WhiteFideId "24626708"]
[BlackFideId "24640212"]
[EventCountry "GER"]
[EventRounds "9"]
[EventType "swiss"]
[EventDate "2008.05.10"]

1. e4 c5 2. Nf3 d6 3. d4 cxd4 4. Nxd4 Nf6 5. Nc3 a6 6. Be3 e5 7. Nf3 Be7 8. Bc4
O-O 9. O-O Nbd7 10. Re1 b5 11. Bb3 Bb7 12. Bg5 Rc8 13. Bxf6 Nxf6 14. a3 Qc7 15.
Qe2 Qa5 16. Red1 g6 17. Ne1 Kg7 18. Nd3 Qb6 19. Nb4 Rc5 20. Rd3 a5 21. Nbd5
Bxd5 22. Bxd5 Rfc8 23. Bb3 a4 24. Ba2 Qa5 25. Rd2 b4 26. Nd5 Nxd5 27. Bxd5 Bg5
28. axb4 Qxb4 29. c3 Qb6 30. Rc2 Ra5 31. c4 Rb8 32. g3 Qb4 33. Ra3 Qc5 34. Kg2
Ra7 35. h4 Bd8 36. Qd3 Rb4 37. Ra2 Rb3 38. Rc3 Rb4 39. Rca3 Bb6 40. Qc2 Qd4 41.
Rd3 Qc5 42. Rf3 Qd4 43. Qe2 Rc7 44. h5 h6 45. Re3 Ra7 46. hxg6 fxg6 47. Qg4
Rxb2 48. Rxb2 Qxb2 49. Rf3 Qd4 50. Qe6 h5 51. Rf6 Qxf2+ 52. Rxf2 Bxf2 53. Kxf2
a3 54. c5 1-0

[Event "DEM U14 2008"]
[Site "Willingen GER"]
[Date "2008.05.13"]
[Round "4"]
[White "Hager, Joshua Aarash"]
[Black "Tiemann, Tobias"]
[Result "1/2-1/2"]
[Termination "normal"]
[Board "7"]
[WhiteElo "2066"]
[BlackElo "1886"]
[PlyCount "50"]
[WhiteFideId "24642789"]
[BlackFideId "4642350"]
[EventCountry "GER"]
[EventRounds "9"]
[EventType "swiss"]
[EventDate "2008.05.10"]

1. d4 d5 2. c4 c6 3. Nf3 Nf6 4. Nc3 e6 5. Bg5 h6 6. Bh4 dxc4 7. e4 g5 8. Bg3 b5
9. Ne5 Bb7 10. h4 gxh4 11. Bxh4 Be7 12. Qf3 Rf8 13. O-O-O Nbd7 14. Bg3 Qa5 15.
Kb1 O-O-O 16. Qf4 Nxe5 17. Qxe5 Nd7 18. Qh5 Bg5 19. f4 Be7 20. Rc1 Nf6 21. Qh3
Rxd4 22. Be1 Qd8 23. Bf2 Rd7 24. Bxa7 Qa5 25. Be3 c5 1/2-1/2

[Event "DEM U14 2008"]
[Site "Willingen GER"]
[Date "2008.05.13"]
[Round "4"]
[White "Kropman, Alexei"]
[Black "Dünzel, Jonas"]
[Result "1/2-1/2"]
[Termination "normal"]
[Board "8"]
[WhiteElo "1920"]
[BlackElo "1972"]
[PlyCount "69"]
[WhiteFideId "24670723"]
[BlackFideId "24631167"]
[EventCountry "GER"]
[EventRounds "9"]
[EventType "swiss"]
[EventDate "2008.05.10"]

1. e4 c5 2. Nc3 Nc6 3. f4 g6 4. Nf3 Bg7 5. Bb5 Nd4 6. Bd3 e6 7. O-O Ne7 8. Nxd4
Bxd4+ 9. Kh1 d6 10. Bb5+ Nc6 11. d3 O-O 12. Bxc6 bxc6 13. Qf3 Bg7 14. Nd1 d5
15. Ne3 Rb8 16. f5 exf5 17. exf5 Qf6 18. Qg3 Qe5 19. f6 Bxf6 20. Nxd5 Qxd5 21.
Qxb8 Be5 22. Qb3 Qd6 23. Qc4 Bxh2 24. Bh6 Be6 25. Bxf8 Kxf8 26. Qh4 Be5 27.
Rae1 Kg8 28. Re3 Bxb2 29. Rb1 Bd4 30. Ree1 Kg7 31. Rb7 Bf6 32. Qh2 Qd5 33. Qf4
h5 34. Qc4 Qxc4 35. dxc4 {laut beiden Partieformularen folgte nun 35...Lxc2 36.
a4 Ld3 37.Tc7 Lxc4 38.Txc6 Lb3 39.a5 Lc3 40.Tc1 Ld5 41.Txc5 Ld2 42.Tc7 Le6 43.
Tb5 Lf4 44.Te7 Kf6 45.Ta7 h4 46.Ta3 g5 47.Kg1 Kg6 48.Kf2} 1/2-1/2

[Event "DEM U14 2008"]
[Site "Willingen GER"]
[Date "2008.05.13"]
[Round "4"]
[White "Schindlbeck, Tobias"]
[Black "Hampel, Felix"]
[Result "1-0"]
[Termination "normal"]
[Board "9"]
[WhiteElo "1888"]
[BlackElo "1992"]
[PlyCount "69"]
[WhiteFideId "24615510"]
[BlackFideId "24668125"]
[EventCountry "GER"]
[EventRounds "9"]
[EventType "swiss"]
[EventDate "2008.05.10"]

1. e4 c5 2. Nf3 e6 3. d4 cxd4 4. Nxd4 Nf6 5. Nc3 Nc6 6. Ndb5 d6 7. Bf4 e5 8.
Bg5 a6 9. Na3 b5 10. Nd5 Be7 11. Nxe7 Qxe7 12. c4 bxc4 13. Nxc4 Nd4 14. Bd3 Bb7
15. O-O O-O 16. f4 Ne6 17. fxe5 Nxg5 18. exf6 Qe6 19. Qh5 h6 20. fxg7 Kxg7 21.
Ne3 Bxe4 22. Bxe4 Nxe4 23. Nf5+ Kh7 24. Rf4 d5 25. Raf1 Qb6+ 26. Kh1 Qg6 27.
Rh4 Qxh5 28. Rxh5 Nd2 29. Rxh6+ Kg8 30. Rf4 f6 31. Rg6+ Kf7 32. Rg7+ Ke8 33.
Rd4 Kd8 34. Rxd5+ Kc8 35. Rxd2 1-0

[Event "DEM U14 2008"]
[Site "Willingen GER"]
[Date "2008.05.13"]
[Round "4"]
[White "Titgemeyer, Sven"]
[Black "Elkmann, Janek"]
[Result "1/2-1/2"]
[Termination "normal"]
[Board "11"]
[WhiteElo "1930"]
[BlackElo "1750"]
[PlyCount "69"]
[WhiteFideId "24676934"]
[BlackFideId "24691925"]
[EventCountry "GER"]
[EventRounds "9"]
[EventType "swiss"]
[EventDate "2008.05.10"]

1. e4 e5 2. Nf3 d6 3. d4 exd4 4. Nxd4 Nf6 5. Nc3 Be7 6. Be3 O-O 7. Qd2 c6 8.
O-O-O b5 9. f3 b4 10. Nce2 a5 11. g4 Bd7 12. Nf5 Bxf5 13. exf5 Nd5 14. f4 a4
15. Bg2 Nxe3 16. Qxe3 Re8 17. Nd4 Bf8 18. Qg3 Qb6 19. f6 b3 20. a3 bxc2 21.
Nxc2 Na6 22. g5 Rab8 23. Qc3 Nc5 24. f5 gxf6 25. gxf6 Qb3 26. Qd4 Bh6+ 27. Kb1
Re2 28. Nb4 Rxb4 29. axb4 Qc2+ 30. Ka2 Re3 31. Bd5 cxd5 32. Qxd5 Qb3+ 33. Kb1
Qxd5 34. Rxd5 Ne4 35. b3 1/2-1/2

[Event "DEM U14 2008"]
[Site "Willingen GER"]
[Date "2008.05.13"]
[Round "4"]
[White "Müller, Tobias"]
[Black "Rublack, Valentin"]
[Result "1-0"]
[Termination "normal"]
[Board "12"]
[WhiteElo "1605"]
[BlackElo "1577"]
[PlyCount "73"]
[WhiteFideId "24643394"]
[BlackFideId "24657387"]
[EventCountry "GER"]
[EventRounds "9"]
[EventType "swiss"]
[EventDate "2008.05.10"]

1. c4 e5 2. Nc3 Nf6 3. g3 g6 4. Bg2 Bg7 5. d3 O-O 6. e4 d6 7. Nge2 a5 8. O-O
Qe8 9. f4 exf4 10. gxf4 Nc6 11. h3 Nh5 12. d4 f5 13. e5 Nd8 14. Nb5 Qe7 15.
Nec3 Be6 16. d5 Bf7 17. e6 Be8 18. Nd4 Kh8 19. Nde2 Kg8 20. Be3 Kh8 21. Bd4 Kg8
22. a3 c5 23. Bxg7 Kxg7 24. Qc2 b6 25. b4 Qc7 26. bxc5 Qxc5+ 27. Kh1 Kf6 28.
Qd3 Ke7 29. Rfc1 Rc8 30. Nb5 Rb8 31. Bf3 Nf6 32. Qd4 Nb7 33. Rab1 Kd8 34. Qxc5
bxc5 35. Nxd6 Kc7 36. Nxb7 Rxb7 37. d6+ 1-0

[Event "DEM U14 2008"]
[Site "Willingen GER"]
[Date "2008.05.13"]
[Round "4"]
[White "Barzen, Pascal"]
[Black "Pältz, Sebastian"]
[Result "1-0"]
[Termination "normal"]
[Board "13"]
[WhiteElo "1783"]
[BlackElo "1753"]
[PlyCount "43"]
[WhiteFideId "24653497"]
[BlackFideId "24648027"]
[EventCountry "GER"]
[EventRounds "9"]
[EventType "swiss"]
[EventDate "2008.05.10"]

1. e4 e5 2. Nf3 Nc6 3. Bb5 a6 4. Ba4 Nf6 5. O-O b5 6. Bb3 Be7 7. Re1 O-O 8. d3
d6 9. h3 Na5 10. Nbd2 c5 11. Nf1 Nxb3 12. axb3 Nd7 13. Ne3 Nb6 14. Bd2 b4 15.
c3 a5 16. d4 exd4 17. cxd4 cxd4 18. Nxd4 Bb7 19. Nef5 Bf6 20. Bf4 Be5 21. Qg4
Qf6 22. Bg5 1-0

[Event "DEM U14 2008"]
[Site "Willingen GER"]
[Date "2008.05.13"]
[Round "4"]
[White "Braun, Georg"]
[Black "Purgahn, Robin"]
[Result "1-0"]
[Termination "normal"]
[Board "14"]
[WhiteElo "1931"]
[BlackElo "1219"]
[PlyCount "39"]
[WhiteFideId "24629383"]
[EventCountry "GER"]
[EventRounds "9"]
[EventType "swiss"]
[EventDate "2008.05.10"]

1. e4 e5 2. Nf3 Nf6 3. Nxe5 d6 4. Nf3 Nxe4 5. Nc3 Nxc3 6. dxc3 Be7 7. Be3 O-O
8. Qd2 Bg4 9. O-O-O Bxf3 10. gxf3 Nc6 11. Rg1 Ne5 12. Be2 Ng6 13. Qd5 b6 14.
Rg2 a5 15. Rdg1 Kh8 16. Qh5 Kg8 17. Bc4 Kh8 18. Rg3 Bf6 19. Rh3 h6 20. Bxh6 1-0

[Event "DEM U14 2008"]
[Site "Willingen GER"]
[Date "2008.05.13"]
[Round "5"]
[White "Kotainy, Jens"]
[Black "Schreiner, Till"]
[Result "1/2-1/2"]
[Termination "normal"]
[Board "1"]
[WhiteElo "2112"]
[BlackElo "2041"]
[PlyCount "62"]
[WhiteFideId "24670499"]
[BlackFideId "24675555"]
[EventCountry "GER"]
[EventRounds "9"]
[EventType "swiss"]
[EventDate "2008.05.10"]

1. e4 c5 2. Nc3 Nc6 3. f4 e6 4. Nf3 g6 5. d4 cxd4 6. Nxd4 d6 7. Be3 Nf6 8. Qf3
Nxd4 9. Bxd4 Bg7 10. O-O-O O-O 11. Be2 Qa5 12. e5 dxe5 13. Bxe5 Nd7 14. Bxg7
Kxg7 15. a3 Nc5 16. Nb5 Bd7 17. h4 Bxb5 18. b4 Qa4 19. Qc3+ Kg8 20. Bxb5 Qxb5
21. Qxc5 Qxc5 22. bxc5 Rac8 23. Rd7 Rxc5 24. Rxb7 Rfc8 25. Rb2 Rc3 26. Rh3 Rxh3
27. gxh3 Rc3 28. Rb3 Rc4 29. Rb4 Rc3 30. Rb3 Rc5 31. Kd2 Kg7 1/2-1/2

[Event "DEM U14 2008"]
[Site "Willingen GER"]
[Date "2008.05.13"]
[Round "5"]
[White "Bräuer, Franz"]
[Black "Mons, Leon"]
[Result "1/2-1/2"]
[Termination "normal"]
[Board "2"]
[WhiteElo "1908"]
[BlackElo "2063"]
[PlyCount "89"]
[WhiteFideId "24634468"]
[BlackFideId "4614950"]
[EventCountry "GER"]
[EventRounds "9"]
[EventType "swiss"]
[EventDate "2008.05.10"]

1. e4 e5 2. Nf3 Nc6 3. Bb5 a6 4. Ba4 Nf6 5. Qe2 b5 6. Bb3 Bc5 7. d3 h6 8. c3 d6
9. Nbd2 O-O 10. Nf1 Be6 11. h3 d5 12. Ng3 Re8 13. O-O Bf8 14. Nh2 Na5 15. Bc2
c5 16. Qf3 Nc6 17. exd5 Bxd5 18. Ne4 Nxe4 19. dxe4 Be6 20. Qg3 Kh8 21. Ng4 Ra7
22. Be3 Rd7 23. Rfd1 Rxd1+ 24. Rxd1 Qc7 25. Bb1 Rd8 26. Qf3 Rd7 27. Bc1 Rxd1+
28. Qxd1 Qa5 29. a3 b4 30. axb4 cxb4 31. Bd2 Qa1 32. Qc1 bxc3 33. bxc3 Na5 34.
Bd3 Qa2 35. Bb1 Qa1 36. Bd3 Qa2 37. Bb1 Qa4 38. Bc2 Bb3 39. Bd3 Bc4 40. Bc2 Qb5
41. Qb1 Nb3 42. Bxb3 Bxb3 43. Nxe5 Bd6 44. Nf3 Qc4 45. Nd4 1/2-1/2

[Event "DEM U14 2008"]
[Site "Willingen GER"]
[Date "2008.05.13"]
[Round "5"]
[White "Neumair, Jerome"]
[Black "Kaphle, Sebastian"]
[Result "1/2-1/2"]
[Termination "normal"]
[Board "3"]
[WhiteElo "1987"]
[BlackElo "2113"]
[PlyCount "53"]
[WhiteFideId "24672637"]
[BlackFideId "24626708"]
[EventCountry "GER"]
[EventRounds "9"]
[EventType "swiss"]
[EventDate "2008.05.10"]

1. d4 Nf6 2. c4 c5 3. d5 e6 4. Nc3 exd5 5. cxd5 d6 6. e4 g6 7. Bd3 Bg7 8. h3
O-O 9. Nf3 Nbd7 10. Bf4 Re8 11. O-O c4 12. Bc2 Nc5 13. Re1 b6 14. e5 dxe5 15.
Nxe5 Bb7 16. Ba4 Nxa4 17. Qxa4 Nxd5 18. Qxc4 Rc8 19. Qb3 Qf6 20. Nxd5 Bxd5 21.
Qxd5 Qxf4 22. Nd3 Qd4 23. Qxd4 Bxd4 24. Rxe8+ Rxe8 25. Kf1 Kg7 26. Rc1 Re7 27.
Rc4 1/2-1/2

[Event "DEM U14 2008"]
[Site "Willingen GER"]
[Date "2008.05.13"]
[Round "5"]
[White "Sarchisov, Slavik"]
[Black "Pauly, Carlo"]
[Result "1-0"]
[Termination "normal"]
[Board "4"]
[WhiteElo "1982"]
[BlackElo "1833"]
[PlyCount "119"]
[WhiteFideId "24647888"]
[BlackFideId "24673269"]
[EventCountry "GER"]
[EventRounds "9"]
[EventType "swiss"]
[EventDate "2008.05.10"]

1. e4 c5 2. Nf3 d6 3. d4 cxd4 4. Nxd4 Nf6 5. Nc3 a6 6. a4 e6 7. f4 Nbd7 8. Bd3
Qc7 9. Nf3 b6 10. Qe2 Bb7 11. O-O Be7 12. Kh1 Rc8 13. Bxa6 Bxa6 14. Qxa6 Qc4
15. Qxc4 Rxc4 16. Re1 O-O 17. Nd2 Rc6 18. Nb3 e5 19. f5 Rfc8 20. Bg5 Rc4 21.
Bxf6 Nxf6 22. Rad1 Rb4 23. Re3 Rcc4 24. Nd2 Rd4 25. Nb5 Nxe4 26. Rxe4 Rxe4 27.
Nxe4 Rxe4 28. h3 Rxa4 29. Nxd6 Rd4 30. Rxd4 exd4 31. Nc8 Bc5 32. Na7 Kf8 33.
Nc6 Ke8 34. g4 f6 35. b4 Kd7 36. Nb8+ Kc8 37. Na6 Bd6 38. b5 Kd7 39. Kg2 Be5
40. Kf3 Kd6 41. Ke4 g5 42. Nb4 Kc5 43. Nd3+ Kd6 44. Nxe5 fxe5 45. f6 Ke6 46. f7
Kxf7 47. Kxe5 Ke7 48. Kxd4 Kd6 49. c4 h6 50. c5+ bxc5+ 51. Kc4 Ke5 52. Kxc5 Kf4
53. b6 Kg3 54. b7 Kxh3 55. b8=Q Kxg4 56. Kd4 Kf3 57. Qf8+ Kg2 58. Qxh6 g4 59.
Ke3 g3 60. Qh4 1-0

[Event "DEM U14 2008"]
[Site "Willingen GER"]
[Date "2008.05.13"]
[Round "5"]
[White "Schindlbeck, Tobias"]
[Black "Berchtenbreiter, Maximilian"]
[Result "0-1"]
[Termination "normal"]
[Board "5"]
[WhiteElo "1888"]
[BlackElo "2064"]
[PlyCount "46"]
[WhiteFideId "24615510"]
[BlackFideId "24641120"]
[EventCountry "GER"]
[EventRounds "9"]
[EventType "swiss"]
[EventDate "2008.05.10"]

1. e4 c5 2. Nf3 d6 3. d4 cxd4 4. Nxd4 Nf6 5. Nc3 a6 6. Be2 e5 7. Nb3 Be7 8. O-O
O-O 9. f4 Nbd7 10. f5 b5 11. a3 Bb7 12. Bd3 Rc8 13. g4 Qb6+ 14. Kh1 Rxc3 15.
bxc3 Nxe4 16. Bxe4 Bxe4+ 17. Rf3 Qf2 18. Nd2 Ba8 19. Bb2 Nf6 20. h3 h5 21. g5
Nh7 22. Qe1 Bxf3+ 23. Nxf3 Qxf3+ 0-1

[Event "DEM U14 2008"]
[Site "Willingen GER"]
[Date "2008.05.13"]
[Round "5"]
[White "Dünzel, Jonas"]
[Black "Wolf, Christoph"]
[Result "1-0"]
[Termination "normal"]
[Board "6"]
[WhiteElo "1972"]
[BlackElo "1636"]
[PlyCount "59"]
[WhiteFideId "24631167"]
[BlackFideId "24650633"]
[EventCountry "GER"]
[EventRounds "9"]
[EventType "swiss"]
[EventDate "2008.05.10"]

1. e4 e5 2. Nf3 Nc6 3. Bb5 a6 4. Ba4 Nf6 5. d3 b5 6. Bb3 Be7 7. O-O O-O 8. c3
d6 9. Nbd2 Bb7 10. Re1 Re8 11. Nf1 Na5 12. Bc2 c5 13. Ng3 g6 14. h3 Bf8 15. Nh2
Bc8 16. f4 Nd7 17. f5 Bg7 18. Ng4 Nc6 19. Rf1 Nb6 20. Qf3 Kh8 21. Bh6 Ra7 22.
Rf2 b4 23. Raf1 Bxh6 24. Nxh6 Qg5 25. fxg6 Qxh6 26. Qf6+ Qg7 27. gxf7 Rf8 28.
Qxd6 Bd7 29. Nh5 Nb8 30. Qxc5 1-0

[Event "DEM U14 2008"]
[Site "Willingen GER"]
[Date "2008.05.13"]
[Round "5"]
[White "von Schwerin, Clemens"]
[Black "Hager, Joshua Aarash"]
[Result "0-1"]
[Termination "normal"]
[Board "7"]
[WhiteElo "1914"]
[BlackElo "2066"]
[PlyCount "74"]
[WhiteFideId "4613228"]
[BlackFideId "24642789"]
[EventCountry "GER"]
[EventRounds "9"]
[EventType "swiss"]
[EventDate "2008.05.10"]

1. e4 c5 2. Nc3 a6 3. Nf3 b5 4. d4 cxd4 5. Nxd4 Bb7 6. Bd3 e6 7. O-O Bc5 8.
Nde2 Nc6 9. Kh1 Nf6 10. Bf4 Qb6 11. f3 Rd8 12. Bg5 Ne5 13. a4 b4 14. a5 Qa7 15.
Na4 Be7 16. Qd2 d5 17. Be3 Qa8 18. Bb6 Rc8 19. Bd4 Qb8 20. f4 Nxd3 21. cxd3
dxe4 22. Be5 Bd6 23. Bxf6 gxf6 24. dxe4 Bxe4 25. Qd4 Bb7 26. Nb6 Rd8 27. Qxf6
Rg8 28. Ng3 Be7 29. Qe5 Qxe5 30. fxe5 Rd2 31. Rac1 Bxg2+ 32. Kg1 Bxf1 33. Kxf1
Rxh2 34. Rc8+ Bd8 35. Ne4 Ke7 36. Nf6 Rh1+ 37. Kf2 Bxb6+ 0-1

[Event "DEM U14 2008"]
[Site "Willingen GER"]
[Date "2008.05.13"]
[Round "5"]
[White "Tiemann, Tobias"]
[Black "Müller, Tobias"]
[Result "1/2-1/2"]
[Termination "normal"]
[Board "8"]
[WhiteElo "1886"]
[BlackElo "1605"]
[PlyCount "71"]
[WhiteFideId "4642350"]
[BlackFideId "24643394"]
[EventCountry "GER"]
[EventRounds "9"]
[EventType "swiss"]
[EventDate "2008.05.10"]

1. e4 c5 2. Nf3 d6 3. d4 cxd4 4. Qxd4 Nc6 5. Bb5 Bd7 6. Bxc6 Bxc6 7. Nc3 Nf6 8.
Bg5 e6 9. O-O-O Be7 10. Qd3 O-O 11. Nd4 Rc8 12. f4 Ng4 13. Bxe7 Qxe7 14. Qf3
Nf6 15. g4 Qc7 16. g5 Nd7 17. Qe2 a6 18. f5 exf5 19. Nxf5 Nc5 20. Rxd6 Rfe8 21.
Nd5 Bxd5 22. Rxd5 Nxe4 23. Qg2 Qc4 24. Ra5 b6 25. Ra3 Qc5 26. Rf1 Re5 27. Ng3
Nxg3 28. Rxg3 Qa5 29. Qf2 Qxa2 30. Ra3 Qe6 31. c3 Re2 32. Qf5 Re1+ 33. Kc2 Re2+
34. Kb1 Qe8 35. Rxa6 Re5 36. Qf2 1/2-1/2

[Event "DEM U14 2008"]
[Site "Willingen GER"]
[Date "2008.05.13"]
[Round "5"]
[White "Mirke, Roy"]
[Black "Kropman, Alexei"]
[Result "1/2-1/2"]
[Termination "normal"]
[Board "9"]
[WhiteElo "1776"]
[BlackElo "1920"]
[PlyCount "69"]
[WhiteFideId "24647306"]
[BlackFideId "24670723"]
[EventCountry "GER"]
[EventRounds "9"]
[EventType "swiss"]
[EventDate "2008.05.10"]

1. d4 d5 2. Nf3 e6 3. c4 Nf6 4. Bg5 Be7 5. Nc3 O-O 6. cxd5 exd5 7. e3 Nbd7 8.
Bd3 Re8 9. O-O Nf8 10. Qc2 c6 11. h3 Bd6 12. Rab1 a5 13. a3 Ng6 14. b4 h6 15.
Bxf6 Qxf6 16. Qe2 Nf4 17. Qd1 Nxd3 18. Qxd3 Bf5 19. Qe2 Bxb1 20. Rxb1 axb4 21.
axb4 Ra3 22. Qb2 Rea8 23. b5 Qd8 24. bxc6 bxc6 25. Ne5 Qa5 26. Nd1 Qe1+ 27. Kh2
f6 28. f4 fxe5 29. fxe5 Ra2 30. Qb7 Qf1 31. Rb2 Qxd1 32. Rxa2 Rxa2 33. exd6 Qf3
34. Qb8+ Kh7 35. Qb1+ 1/2-1/2

[Event "DEM U14 2008"]
[Site "Willingen GER"]
[Date "2008.05.13"]
[Round "5"]
[White "Hampel, Felix"]
[Black "Elkmann, Janek"]
[Result "1-0"]
[Termination "normal"]
[Board "10"]
[WhiteElo "1992"]
[BlackElo "1750"]
[PlyCount "79"]
[WhiteFideId "24668125"]
[BlackFideId "24691925"]
[EventCountry "GER"]
[EventRounds "9"]
[EventType "swiss"]
[EventDate "2008.05.10"]

1. e4 e5 2. f4 Nc6 3. Nf3 f5 4. exf5 e4 5. Ne5 Nxe5 6. fxe5 Qe7 7. Qh5+ Kd8 8.
Be2 Qxe5 9. O-O Nf6 10. Qg5 Bc5+ 11. Kh1 Bd6 12. Qh4 Qe7 13. d3 b6 14. Bg5 Bb7
15. dxe4 Kc8 16. Nd2 Rf8 17. Bd3 Be5 18. Nc4 h6 19. Bd2 d6 20. Nxe5 dxe5 21.
Rad1 a5 22. Bc3 Kb8 23. Rfe1 Ka7 24. Qf2 h5 25. h3 Rh8 26. Qg3 Rae8 27. a3 h4
28. Qe3 Kb8 29. b4 axb4 30. Bxb4 Qf7 31. a4 Nh5 32. a5 Rh6 33. axb6 Rxb6 34.
Ba5 Rf6 35. Qc5 g6 36. Bc4 Qe7 37. Qb5 Ng3+ 38. Kh2 gxf5 39. Rd7 Qf8 40. Rxc7
1-0